The Far right Italian Style /
保存先:
| 第一著者: | |
|---|---|
| フォーマット: | テキスト |
| 主題: | |
| タグ: |
タグ追加
タグなし, このレコードへの初めてのタグを付けませんか!
|
MARC
| LEADER | 00000 a a2200000 04500 | ||
|---|---|---|---|
| 001 | 18920 | ||
| 003 | |||
| 040 | |||
| 100 | |a Tarchi, Marco | ||
| 245 | |a The Far right Italian Style / |c Marco Tarchi | ||
| 650 | |a EXTREMISMO | ||
| 650 | |a DERECHA | ||
| 650 | |a ELECCIONES | ||
| 650 | |a ITALIA | ||
| 773 | |g número 20; 35-49 | ||
| 999 | |c 38347 |d 38347 | ||
